• 首页
  • 本馆介绍
  • 公告通知
  • 最新文献
  • 馆藏检索
  • 电子资源
  • 读者导购
  • 参考咨询
  • 我的图书馆
  • 登录
  • 详细信息显示
  • 放入我的书架
  • 预约/预借图书
  • 作者相关作品
  • 分类相关作品
  • 丛书相关作品
  • 出版社相关作品

书目信息

  • 表格格式
  • 工作单格式
  • 卡片格式
题名:
世界人像摄影十杰
    
 
作者: 夏勋南 编著
分册:  
出版信息: 北京   中国工人出版社  2005
页数: 177页
开本: 22cm
丛书名: 回望大师
单 册:
中图分类: J433 , K815.7
科图分类:
主题词: 人像摄影--世界--摄影集 , 摄影--艺术家--生平事迹--世界 , 人像摄影 , 摄影 , 艺术家
电子资源:
ISBN: 7-5008-3469-1
000 01017oam2 2200325 450
001 002973334
005 20070807155835.06
010    @a7-5008-3469-1@dCNY29.00
035    @a002973334
100    @a20050815d2005 em y0chiy0110 ea
101 0  @achi
102    @aCN@b110000
105    @aa z 000yd
106    @ar
200 1  @a世界人像摄影十杰@Ashi jie ren xiang she ying shi jie@f夏勋南编著@Fxia xun nan bian zhu
210    @a北京@c中国工人出版社@d2005
215    @a177页@c照片@d22cm
225 2  @a回望大师@Ahui wang da shi
330    @a本书介绍了纳达尔、茱莉亚·玛格丽特·卡梅隆、奥格斯特·泰德、理查德·埃夫登、爱德华·斯泰肯等十位世界人像摄影大师的杰作及其创作历程。
461  0 @1001002969298@12001 @a回望大师
606 0  @a人像摄影@y世界@j摄影集
606 0  @a摄影@x艺术家@x生平事迹@y世界
606 0  @a人像摄影
606 0  @a摄影
606 0  @a艺术家
690    @aJ433@v4
690    @aK815.7@v4
701  0 @a夏勋南@Axia xun nan@4编著
801  0 @aCN@bNLC@c20070807
905    @dJ433@e227@f5
    
    世界人像摄影十杰/夏勋南编著.-北京:中国工人出版社,2005
    177页:照片;22cm.-(回望大师)
    
    
    ISBN 7-5008-3469-1:CNY29.00
    本书介绍了纳达尔、茱莉亚·玛格丽特·卡梅隆、奥格斯特·泰德、理查德·埃夫登、爱德华·斯泰肯等十位世界人像摄影大师的杰作及其创作历程。
●
相关链接 在E读中查询图书 在五车中查询图书 在当当中查询图书 在豆瓣中查询图书


正题名:世界人像摄影十杰     索取号:J433/227         预约/预借

序号 登录号 条形码 馆藏地/架位号 状态 备注
1 0853932   208539321   第一样本阅览室/ [索取号:J433/227] 在馆    
2 0853933   208539330   第一借阅区/ [索取号:J433/227] 在馆    
3 0853934   208539349   第一借阅区/ [索取号:J433/227] 在馆    
4 0853935   208539358   第一借阅区/ [索取号:J433/227] 在馆    
5 0853936   208539367   第一借阅区/ [索取号:J433/227] 在馆    
唐山师范学院图书馆 欢迎您!
大连网信软件有限公司© 版权所有